| 000 | 00964cad a22002175a 4500 | ||
|---|---|---|---|
| 001 | L157112 | ||
| 008 | 120903s2012 xxk f 000 0 eng d | ||
| 035 | _a(Sirsi) u157112 | ||
| 041 | 0 | _aeng | |
| 110 | 2 |
_aUnited Kingdom _bDepartment for Communities and Local Government _94939 |
|
| 245 | 0 | 0 |
_aDealing with rogue landlords _bA guide for local authorities _h[electronic resource] |
| 260 |
_aLondon _bDCLG _c2012 |
||
| 520 | _aOffers practical guidance to local authorities on how to deal with rogue landlords. Includes case studies and examples of what steps can be taken under the Housing Act 2004 to resolve problems and support tenants. | ||
| 590 | _aKA | ||
| 650 | 2 | 4 | _aHOUSING ACT 2004 |
| 651 | 4 | _aEngland | |
| 690 |
_aResidential property _96266 |
||
| 690 |
_aLandlord and tenant _96252 |
||
| 856 | 4 | 0 |
_uhttps://www.communities.gov.uk/documents/housing/pdf/2206919.pdf _zView the item free of charge from the www.communities.gov.uk website. |
| 942 | _n0 | ||
| 999 |
_c114604 _d114604 |
||